Wright Patman Lake and Lake O' The Pines, Cass, Camp, Marion, and Morris Counties, Texas : cultural resources survey 1996 /

Bibliographic Details
Main Author: Linder-Linsley, Sue E.
Corporate Authors: LL Consultants, United States. Army. Corps of Engineers. Fort Worth District
Other Authors: Lindsay, Linda D., Thompson, Jack, Endsley, Gary
Format: Government Document Book
Language:English
Published: Dallas, Tex. : LL Consultants, [1998]
Subjects:

MARC

Tag First Indicator Second Indicator Subfields
LEADER 00000cam a2200000Ia 4500
001 in00001663439
005 20151024121759.0
008 990311s1998 txuab b 000 0 eng d
035 |a (OCoLC)ocm40942648 
040 |a ILU  |c ILU  |d TXA  |d UtOrBLW 
043 |a n-us-tx 
049 |a TXAM 
086 |a H2000.8 C27WR 1998 
090 |a F392.C29  |b L56 1998 
100 1 |a Linder-Linsley, Sue E. 
245 1 0 |a Wright Patman Lake and Lake O' The Pines, Cass, Camp, Marion, and Morris Counties, Texas :  |b cultural resources survey 1996 /  |c by Sue E. Linder-Linsley, Linda D. Lindsay ; with contributions by Jack Thompson, Gary Endsley. 
264 1 |a Dallas, Tex. :  |b LL Consultants,  |c [1998] 
300 |a 148 pages :  |b illustrations, maps ;  |c 28 cm. 
336 |a text  |b txt  |2 rdacontent 
337 |a unmediated  |b n  |2 rdamedia 
338 |a volume  |b nc  |2 rdacarrier 
500 |a "May 1998." 
504 |a Includes bibliographical references (pages 143-148). 
536 |a U.S. Army Corps of Engineers, Fort Worth District.  |b DACW63-96-P-0639. 
650 0 |a Archaeological surveying  |z Texas  |z Cass County. 
650 0 |a Archaeological surveying  |z Texas  |z Camp County. 
650 0 |a Archaeological surveying  |z Texas  |z Marion County. 
650 0 |a Archaeological surveying  |z Texas  |z Morris County. 
651 0 |a Cass County (Tex.)  |x Antiquities. 
651 0 |a Camp County (Tex.)  |x Antiquities. 
651 0 |a Marion County (Tex.)  |x Antiquities. 
651 0 |a Morris County (Tex.)  |x Antiquities. 
700 1 |a Lindsay, Linda D. 
700 1 |a Thompson, Jack. 
700 1 |a Endsley, Gary. 
710 2 |a LL Consultants. 
710 1 |a United States.  |b Army.  |b Corps of Engineers.  |b Fort Worth District. 
994 |a E0  |b TXA 
999 |a MARS 
999 f f |s 6bfd9866-f80e-3d20-9811-2c6dd581340c  |i 9fd1d364-e8a9-3a2e-8f1c-c56234f7f0d4  |t 0 
952 f f |p normal  |a Texas A&M University  |b College Station  |c Sterling C. Evans Library  |d Evans: Texas Documents (Annex 5th floor)  |t 0  |e H2000.8 C27WR 1998  |h Superintendent of Documents classification  |i unmediated -- volume  |m A14832450199 
998 f f |a H2000.8 C27WR 1998  |t 0  |l Evans: Texas Documents (Annex 5th floor)